00606nam a2200169Ia 4500008004100000041001200041082001600053100002400069245009000093260003400183300000800217650001200225700001800237942000700255999001500262952015900277221030s9999 xx 000 0 und d aEnglish a105.23bDig aB. D. Duggal ( PR ) 0aFundamentals of Electricity & Magnetism ( PR )cby B. D. Duggal ( PR ), C. L. Chhabra bS. L. NaginaJalandharc2000 a470 aPhysics aC. L. Chhabra cBK c6865d6865 pBE 2497g75.00l0o105.23 Digr2022-10-30 00:00:00w2022-10-30yBK003Print4070aMIETLIBbMIETLIBcBL-Payment, FL-, CUP-0, SH-0, R-0d2001-02-0310HBE